Finančná gramotnosť vysokoškolákov na Slovensku
Definovanie finančnej gramotnosti. Vymedzenie úlohy vysokých škôl na Slovensku. Prezentácia výsledkov prieskumu o finančnej gramotnosti (finančných vedomostiach) študentov študujúcich na vysokých školách na Slovensku. Národný štandard finančnej gramotnosti.
Salvato in:
| Autore principale: | |
|---|---|
| Natura: | Capitolo di libro |
| Lingua: | slovacco |
| Soggetti: | |
| Tags: |
Nessun Tag, puoi essere il primo ad aggiungerne!!
|
MARC
| LEADER | 00000nla a2200000 4500 | ||
|---|---|---|---|
| 001 | 0196043 | ||
| 005 | 20240502073313.5 | ||
| 041 | 0 | |a slo | |
| 044 | |a SK | ||
| 245 | 1 | 0 | |a Finančná gramotnosť vysokoškolákov na Slovensku |c Monika Bačová |
| 520 | |a Definovanie finančnej gramotnosti. Vymedzenie úlohy vysokých škôl na Slovensku. Prezentácia výsledkov prieskumu o finančnej gramotnosti (finančných vedomostiach) študentov študujúcich na vysokých školách na Slovensku. Národný štandard finančnej gramotnosti. | ||
| 610 | 2 | 0 | |a gramotnosť finančná |
| 610 | 2 | 0 | |a vysokoškoláci |
| 610 | 2 | 0 | |a Slovensko |
| 610 | 2 | 0 | |a školy vysoké |
| 610 | 2 | 0 | |a dotazníky |
| 100 | 1 | |a Bačová, Monika | |